000 01170nam a2200337Ia 4500
001 4264
005 20250919132925.0
008 160601s2005 xx a g 000 0 spa
020 _a9580471398
020 _a7706894202010
040 _aCO-BoRNBP
_bspa
_erda
_cCO-BoRNBP
084 _aN DUM1
100 1 _aDumas, Alejandro
_d1802-1870
_961445
245 1 3 _aLa dama de las camelias
_cAlejandro Dumas ; traducción Pedro Lama
250 _a2a. edición
_b1a. reimpresión
264 _aBogotá
_bNorma
_c2005
300 _a235, 45 páginas
_c21 cm
336 _atexto
_btxt
_2rdacontent
337 _asin mediación
_bn
_2rdamedia
338 _avolumen
_bnc
_2rdacarrier
490 _aColección Cara y Cruz
500 _aIncluye cronología
600 1 4 _aDumas, Alejadro
_d1802-1870
_xCrítica e interpretación
_965016
650 1 4 _2LEMB
_aNovela francesa
_ySiglo XIX
_92315
650 1 4 _2LEMB
_aLiteratura francesa
_ySiglo XIX
_92316
650 1 4 _2LEMB
_aCorte y cortesanos en la literatura
_965017
650 1 4 _2LEMB
_aMujeres en la literatura
_91058
700 1 _aLama, Pedro
_etraductor
_936760
740 _aAlejandro Dumas vida y obra
942 _2loc
_cBK
999 _c4264
_d4264